| 000 | nam a22 a 4500 | ||
|---|---|---|---|
| 999 |
_c38532 _d38532 |
||
| 003 | BLK | ||
| 005 | 20230202115034.0 | ||
| 008 | 180408b bul|||||r ||||||| ||bul|| | ||
| 010 | _aKNG00041751000 | ||
| 040 | _aBLK | ||
| 041 |
_aBUL _cBUL |
||
| 080 |
_aРуска литература _b821.161.1 _x-93-32 _z821.161.1-93-32 |
||
| 100 | 1 |
_aПаустовски, Константин Георгиевич _eпърви автор _9107312 |
|
| 139 |
_aПаустовски, Константин Георгиевич _bП 29 |
||
| 245 | 1 | 0 |
_aПодарък _bРазкази _cКонстантин Георгиевич Паустовски; прев. от рус. Яню Стоевски; худож. Никола Ковачев. |
| 257 | _aRUS | ||
| 260 |
_bНар. младеж _c1962 _fСофия : Д. Благоев _aСофия |
||
| 300 |
_a43 с. _bс ил. _c20 см |
||
| 380 | _aDX | ||
| 490 |
_aМасова библиотека Пчелица _v№ 10 _9205275 |
||
| 500 | _a59 100 тир. | ||
| 700 | 1 |
_aСтоевски, Яню _eпрев. от рус. _9276175 |
|
| 700 | 1 |
_aКовачев, Никола _eхудож. _9276176 |
|
| 852 | _aЦб 267571 | ||
| 856 | 4 |
_qpdf _i0.00 _ldisable |
|
| 856 | 4 |
_qpdf _i0.00 _ldisable |
|
| 942 |
_cKNG _n0 _s1 |
||
| 944 |
_aCR _c16.04.2014 _lф / _kСимона_Петрова |
||
| 944 |
_aED _c21.09.2017 _lф / _kВася_Ганчева |
||
| 999 | _d38532 | ||
| 999 | _d38532 | ||